000 00319nam a2200133Ia 4500
005 20251222142023.0
008 251222s9999||||xx |||||||||||||| ||spa||
020 _a978-84-8164-911-6
082 _a201/G63
100 _aGómez Caffarena, José
245 0 _aEl Enigma y el Misterio:
264 _bTrotta
942 _cLIB
999 _c10730
_d10730